|
|
|
|
| LEADER |
00000nab a2200000 a 4500 |
| 001 |
vtls000931000 |
| 003 |
SK-MaSNL |
| 005 |
20260303034921.0 |
| 008 |
040720e20031118xo 0 slo |
| 035 |
|
|
|a KE39877
|
| 040 |
|
|
|a KEVKJB
|b slo
|c KEVKJB
|e AACR2
|
| 041 |
0 |
|
|a slo
|
| 044 |
|
|
|a xo
|c SK
|
| 080 |
|
|
|a 614.84
|2 1981
|
| 100 |
1 |
|
|a Sabo, Kristián
|4 aut
|9 872655
|
| 245 |
1 |
0 |
|a Požiar v hoteli Hutník spálil majetok za šesť miliónov korún
|b Zástupca konateľa firmy Komo Invest, vlastníka nehnuteľnosti, tvrdí, že sa im nikto nevyhrážal
|
| 300 |
|
|
|b 3 foto
|
| 610 |
2 |
7 |
|a Hotel Hutník (Košice, Slovensko)
|2 KEVKJB
|9 175994
|
| 650 |
0 |
7 |
|a požiare
|2 KEVKJB
|9 1504
|
| 650 |
0 |
7 |
|a hotely
|2 KEVKJB
|9 18422
|
| 651 |
|
7 |
|a Košice (Slovensko)
|2 KEVKJB
|9 18694
|
| 773 |
0 |
8 |
|t Košický denník Korzár
|g Roč. 6, č.264, 18.11.2003, s. 3
|x 1335-4566
|
| 852 |
|
|
|a ZVYKNI
|b KIS3GCP
|
| 999 |
|
|
|c 1675331
|d 1677261
|